Bến quê

Sparad:
Bibliografiska uppgifter
Huvudupphovsman: Nguyễn Minh Châu (Tác giả)
Materialtyp: Bok
Språk:Vietnamese
Publicerad: H. Nxb Tác phẩm mới; Hội nhà văn Việt Nam 1985
Ämnen:
Taggar: Lägg till en tagg
Inga taggar, Lägg till första taggen!
Thư viện lưu trữ: Mạng thư viện Đại học Đà Nẵng
LEADER 01025nam a2200313 4500
001 000005369
003 1513
005 20120514140555.0
008 110815s1985 viesd
020 |c 10000đ 
041 0 |a vie 
082 |a 895.9223  |b NG-C 
100 0 |a Nguyễn Minh Châu  |e Tác giả 
245 0 |a Bến quê  |c Nguyễn Minh Châu tác giả 
260 |a H.  |b Nxb Tác phẩm mới; Hội nhà văn Việt Nam  |c 1985 
300 |a 251 tr  |c 19 cm 
653 |a Văn học Việt Nam 
653 |a Truyện ngắn 
910 |a Ngô Văn Đường 
OWN |a LSP 
AVA |a UDN50  |b LSP  |d 895.9223 NG-C  |e available  |t Error 5001 Not defined in file expand_doc_bib_avail.  |f 3  |g 2  |h N  |i 0  |k 1 
999 |a From the UDN01 
AVA |a UDN50  |b LSP  |d 895.9223 NG-C  |e available  |t Error 5001 Not defined in file expand_doc_bib_avail.  |f 3  |g 2  |h N  |i 0  |k 1 
TYP |a Monograph 
TYP |a Printed language 
980 |a Mạng thư viện Đại học Đà Nẵng